Design and Modeling of Mechanical Systems - II Proceedings of the Sixth Conference on Design and Modeling of Mechanical Systems, CMSM'2015, March 23-25, Hammamet, Tunisia /

This book offers a collection of original peer-reviewed contributions presented at the 6th International Congress on Design and Modeling of Mechanical Systems (CMSM’2015), held in Hammamet, Tunisia, from the 23rd to the 25th of March 2015. It reports on both recent research findings and innovative i...

Full description

Bibliographic Details
Corporate Author: SpringerLink (Online service)
Other Authors: Chouchane, Mnaouar (Editor), Fakhfakh, Tahar (Editor), Daly, Hachmi Ben (Editor), Aifaoui, Nizar (Editor), Chaari, Fakher (Editor)
Format: Electronic eBook
Language:English
Published: Cham : Springer International Publishing : Imprint: Springer, 2015.
Series:Lecture Notes in Mechanical Engineering,
Subjects:
Online Access:Full Text via HEAL-Link
LEADER 03767nam a22006135i 4500
001 978-3-319-17527-0
003 DE-He213
005 20151204152236.0
007 cr nn 008mamaa
008 150324s2015 gw | s |||| 0|eng d
020 |a 9783319175270  |9 978-3-319-17527-0 
024 7 |a 10.1007/978-3-319-17527-0  |2 doi 
040 |d GrThAP 
050 4 |a TA355 
050 4 |a TA352-356 
072 7 |a TGMD4  |2 bicssc 
072 7 |a TEC009070  |2 bisacsh 
072 7 |a SCI018000  |2 bisacsh 
082 0 4 |a 620  |2 23 
245 1 0 |a Design and Modeling of Mechanical Systems - II  |h [electronic resource] :  |b Proceedings of the Sixth Conference on Design and Modeling of Mechanical Systems, CMSM'2015, March 23-25, Hammamet, Tunisia /  |c edited by Mnaouar Chouchane, Tahar Fakhfakh, Hachmi Ben Daly, Nizar Aifaoui, Fakher Chaari. 
264 1 |a Cham :  |b Springer International Publishing :  |b Imprint: Springer,  |c 2015. 
300 |a XIV, 836 p. 529 illus., 171 illus. in color.  |b online resource. 
336 |a text  |b txt  |2 rdacontent 
337 |a computer  |b c  |2 rdamedia 
338 |a online resource  |b cr  |2 rdacarrier 
347 |a text file  |b PDF  |2 rda 
490 1 |a Lecture Notes in Mechanical Engineering,  |x 2195-4356 
505 0 |a Part I: Design and manufacturing of mechanical systems -- Part II: Modeling and analysis of structures and materials -- Part III: Robotics and mechatronics -- Part IV: Dynamics and vibration of mechanical systems -- Part V: Fluid structure interaction. 
520 |a This book offers a collection of original peer-reviewed contributions presented at the 6th International Congress on Design and Modeling of Mechanical Systems (CMSM’2015), held in Hammamet, Tunisia, from the 23rd to the 25th of March 2015. It reports on both recent research findings and innovative industrial applications in the fields of mechatronics and robotics, dynamics of mechanical systems, fluid structure interaction and vibroacoustics, modeling and analysis of materials and structures, and design and manufacturing of mechanical systems. Since its first edition in 2005, the CMSM Congress has been held every two years with the aim of bringing together specialists from universities and industry to present the state-of-the-art in research and applications, discuss the most recent findings and exchange and develop expertise in the field of design and modeling of mechanical systems. The CMSM Congress is jointly organized by three Tunisian research laboratories: the Mechanical Engineering Laboratory of the National Engineering School of Monastir; the Mechanical Laboratory of Sousse, part of the National Engineering School of Sousse; and the Mechanical, Modeling and Manufacturing Laboratory at the National Engineering School of Sfax. 
650 0 |a Engineering. 
650 0 |a Vibration. 
650 0 |a Dynamical systems. 
650 0 |a Dynamics. 
650 0 |a Engineering design. 
650 0 |a Industrial engineering. 
650 0 |a Production engineering. 
650 0 |a Structural materials. 
650 1 4 |a Engineering. 
650 2 4 |a Vibration, Dynamical Systems, Control. 
650 2 4 |a Structural Materials. 
650 2 4 |a Engineering Design. 
650 2 4 |a Industrial and Production Engineering. 
700 1 |a Chouchane, Mnaouar.  |e editor. 
700 1 |a Fakhfakh, Tahar.  |e editor. 
700 1 |a Daly, Hachmi Ben.  |e editor. 
700 1 |a Aifaoui, Nizar.  |e editor. 
700 1 |a Chaari, Fakher.  |e editor. 
710 2 |a SpringerLink (Online service) 
773 0 |t Springer eBooks 
776 0 8 |i Printed edition:  |z 9783319175263 
830 0 |a Lecture Notes in Mechanical Engineering,  |x 2195-4356 
856 4 0 |u http://dx.doi.org/10.1007/978-3-319-17527-0  |z Full Text via HEAL-Link 
912 |a ZDB-2-ENG 
950 |a Engineering (Springer-11647)